Top 25 Cities that Start with B - Statistics

General Stats
  • This quiz has been taken 54 times
  • The average score is 20 of 25
Answer Stats
Population Country Answer % Correct
15,800,000 Argentina Buenos Aires
100%
11,500,000 Thailand Bangkok
98%
1,600,000 Spain Barcelona
98%
22,900,000 China Beijing
98%
11,900,000 Colombia Bogota
98%
1,800,000 Romania Bucharest
98%
1,700,000 Hungary Budapest
98%
7,200,000 Iraq Baghdad
96%
1,900,000 Lebanon Beirut
96%
3,400,000 Germany Berlin
96%
1,200,000 UK Birmingham
96%
2,100,000 Austrailia Brisbane
94%
2,200,000 Brazil Brasilia
92%
3,600,000 South Korea Busan
90%
2,300,000 Brazil Belo Horizonte
88%
14,700,000 India Bangalore
87%
1,200,000 Mali Bamako
83%
1,200,000 Congo Brazzaville
71%
1,600,000 Indonesia Bandung
65%
1,300,000 Colombia Barranquilla
60%
1,400,000 Turkey Bursa
58%
1,400,000 Brazil Belem
56%
1,500,000 India Bhopal
50%
1,300,000 China Baotou
12%
1,500,000 Indonesia Bekasi
6%
No matching quizzes found
Score Distribution
Percent of People with Each Score
Percentile by Number Answered
Your Score History
You have not taken this quiz